000
00306nam a2200145Ia 4500
100
_a
Platt/ David S
942
_c
BK
654
_a
microsoft net
245
_a
Introducing Microsoft Net
260
_b
Microsoft Press
_c
2001
082
_a
4.6
_b
PLA
300
_a
216
546
_a
ENGLISH
999
_c
18752
_d
18752